Personajes de ficción fusionados con famosos Españoles - Estadísticas

Estadísticas generales
  • Esta prueba ha sido intentada 393 veces
  • La puntuación promedio es 9 de 18
Estadísticas de respuestas
Respuestas % Correcto
Batman
90%
La Cenicienta
86%
Tarzán
86%
Capitán América
84%
Maléfica
77%
Leia Organa
75%
Penélope Cruz
70%
Sheriff Woody
70%
Gerard Piqué
46%
Rafael Nadal
46%
Waluigi
40%
Elsa Pataky
39%
Salvador Dalí
31%
Pedro Almódovar
29%
Antonio Banderas
11%
Rubeus Hagrid
8%
Rossy de Palma
6%
Pablo Picasso
4%
No se encontraron pruebas coincidentes
Distribución de puntuación
Porcentaje de gente con cada puntuación
Porcentaje por número respondido
Historial de tus puntuaciones
No has intentado esta prueba.